Scénes de la vie de province

Na minha lista:
Detalhes bibliográficos
Autor principal: Maupassant, Guy de
Formato: Livro
Idioma:Undetermined
Publicado em: París, Francia Bordas 1977
Assuntos:
Tags: Adicionar Tag
Sem tags, seja o primeiro a adicionar uma tag!

MARC

LEADER 00000nam a2200000Ia 4500
008 170316s9999 xx 000 0 und d
040 |a cru BVZT 
090 |a 840 M-14s 
100 |a Maupassant, Guy de 
245 |a Scénes de la vie de province 
260 |a París, Francia 
260 |b Bordas 
260 |c 1977 
300 |a 160 páginas 
650 |a LITERATURA FRANCESA 
999 |c 7790  |d 7790 
942 |c 15 D  |h 840 M-14s  |2 z